LEADER 00855nam0-22003011i-450- 001 990005870820403321 005 20051017103122.0 010 $a88-85669-82-4 035 $a000587082 035 $aFED01000587082 035 $a(Aleph)000587082FED01 035 $a000587082 100 $a20000421d1999----km-y0itay50------ba 101 0 $aITA 105 $ay-------001yy 200 1 $a<>nepotismo nel Medioevo$ePapi, cardinali e famiglie nobili$fSandro Carocci 210 $aRoma$dc1999$cViella 215 $a233 p.$d21 cm 225 1 $a<>corte dei papi$v4 676 $a282.0902 700 1$aCarocci,$bSandro$f<1950- >$0386366 801 0$aIT$bUNINA$gRICA$2UNIMARC 901 $aBK 912 $a990005870820403321 952 $a282.09 CAR 1$bBibl. 28395$fFLFBC 959 $aFLFBC 996 $aNepotismo nel Medioevo$9564686 997 $aUNINA LEADER 01525nam 2200373Ia 450 001 996394332403316 005 20221108025214.0 035 $a(CKB)3450000000098337 035 $a(EEBO)2240919445 035 $a(OCoLC)9920466200971 035 $a(EXLCZ)993450000000098337 100 $a19950918d1603 uy | 101 0 $aeng 135 $aurbn||||a|bb| 200 10$aBy the King$b[electronic resource] $ethe care wee haue to preuent all occasions of dispersing the infection amongst our people, doeth sufficiently appeare by our former proclamations .. 210 $aImprinted at London $cBy Robert Barker, Printer to the Kings most Excellent Maiestie$dAnno 1603 215 $a1 sheet ([1] p.) 300 $aFor postponing St. James's fair, because of plague. 300 $aOther title information from first three lines of text. 300 $a"Giuen at our Castle of Windsor, the xj. day of Iuly, 1603. in the first yeere of our Reigne of England, France and Ireland, and of Scotland, the sixe and thirtieth." 300 $aReproduction of original in: Society of Antiquaries. 330 $aeebo-0147 606 $aPlague$zEngland$zLondon 607 $aGreat Britain$xHistory$yJames I, 1603-1625 608 $aBroadsides$zLondon (England)$y17th century.$2rbgenr 615 0$aPlague 701 $aJames$cKing of England,$f1566-1625.$01001019 801 0$bEBK 801 1$bEBK 801 2$bWaOLN 906 $aBOOK 912 $a996394332403316 996 $aBy the King$92299281 997 $aUNISA LEADER 03324nam 22006731 450 001 9910973406103321 005 20120206140033.0 010 $a9786613066411 010 $a9780755625628 010 $a0755625625 010 $a9781283066419 010 $a1283066416 010 $a9780857719218 010 $a0857719211 024 7 $a10.5040/9780755625628 035 $a(CKB)2560000000073112 035 $a(EBL)688276 035 $a(OCoLC)776100598 035 $a(SSID)ssj0000544875 035 $a(PQKBManifestationID)12201000 035 $a(PQKBTitleCode)TC0000544875 035 $a(PQKBWorkID)10535713 035 $a(PQKB)11218691 035 $a(MiAaPQ)EBC688276 035 $a(Au-PeEL)EBL688276 035 $a(CaPaEBR)ebr11078021 035 $a(CaONFJC)MIL306641 035 $a(OCoLC)1160068778 035 $a(UtOrBLW)bpp09265561 035 $a(UtOrBLW)BP9780755625628BC 035 $a(Perlego)918898 035 $a(EXLCZ)992560000000073112 100 $a20200605d2011 uy 0 101 0 $aeng 135 $aurcnu|||||||| 181 $ctxt 182 $cc 183 $acr 200 10$aServants of empire $ean imperial memoir of a British family /$fF.R.H. Du Boulay 210 1$aLondon ;$aNew York :$cI.B. Tauris,$d2011. 215 $a1 online resource (273 p.) 300 $aIncludes index. 311 08$a9781848855717 311 08$a1848855710 327 $aContents -- Acknowledgements -- Chapter 1 A letter writing family -- Chapter 2 The Victorian Gunner - Noel Wilmot -- Chapter 3 Viceroy's secretary - James -- Chapter 4 Transvaal Livings - Mary; Richard; Philip; Phyllis -- Chapter 5 Man of Egypt - Philip Appendix The Du Boulay Family. 330 $a"Spanning three continents, several generations and conflicts waged in every corner of the globe, this unusual memoir offers a memorable glimpse of late Imperial life. From General Gordon's Siege of Khartoum to the Boxer Uprising, the Boer War and World War One, this book is a fascinating record of the intersection of the lives of a single British family with the drama of world affairs. Drawing on an outstanding collection of original letters exchanged between six siblings and their parents, the eminent historian F.R.H. Du Boulay has brilliantly reconstructed the lost world of his father's generation. With this book he offers a compelling portrait of a Victorian family and casts fresh light on the daily lives of the British who chose to make their lives abroad as part of the fabric of the Empire. "Servants of Empire" brilliantly sets domestic concerns alongside life-changing world events to produce an appealing blend of the homely and the exotic. It will be an invaluable source for the specialist historian of Empire as well as a fascinating portrait of British social history for the general reader."--Bloomsbury publishing. 606 $aMemoirs$2BIC 607 $aGreat Britain$xHistory$yEdward VII, 1901-1910 607 $aGreat Britain$xHistory$yGeorge V, 1910-1936 607 $aGreat Britain$xHistory$yVictoria, 1837-1901 615 7$aMemoirs. 676 $a941.0810922 700 $aDu Boulay$b F. R. H.$01798081 801 0$bUtOrBLW 801 1$bUtOrBLW 906 $aBOOK 912 $a9910973406103321 996 $aServants of empire$94340683 997 $aUNINA